LEADER 02346nam 2200361 n 450 001 996390406603316 005 20200824120429.0 035 $a(CKB)4940000000102900 035 $a(EEBO)2248530167 035 $a(UnM)99844250e 035 $a(UnM)99844250 035 $a(EXLCZ)994940000000102900 100 $a19910820d1640 uy | 101 0 $aeng 135 $aurbn||||a|bb| 200 04$aThe totall discourse, of the rare adventures, and painefull peregrinations of long nineteene yeares travailes from Scotland, to the most famous kingdomes in Europe, Asia, and Affrica$b[electronic resource] $ePerfited by three deare bought voyages, in surveying of forty eight kingdomes ancient and modern; twenty one rei-publicks, ten absolute principalities, with two hundred islands. ... divided into three bookes: being newly corrected, and augmented in many severall places, with the addition of a table thereunto annexed of all the chiefe heads. Wherein is contayed an exact relation of the lawes, religions, policies and governments of all their princes, potentates and people. Together with the grievous tortures he suffered by the Inquisition of Malaga in Spaine ... And of his last and late returne from the Northern Isles, and other places adjacent. By William Lithgow 210 $aImprinted at London $cBy I. Okes$d1640 215 $a[16], 444, 447-514, [8] p. $cill 300 $aA revised and enlarged edition, with a new dedication and prologue, of: A most delectable, and true discourse, of an admired and painefull peregrination from Scotland, to the most famous kingdomes in Europe, Asia and Affricke. 300 $aRunning title reads: The 19 yeares travells of William Lithgow, by 3 voyages in Europe, Asia, and Affrica. 300 $aReproduction of the original in the British Library. 330 $aeebo-0018 606 $aVoyages and travels$vEarly works to 1800 615 0$aVoyages and travels 700 $aLithgow$b William$f1582-1645?$01001006 801 0$bCu-RivES 801 1$bCu-RivES 801 2$bCStRLIN 801 2$bWaOLN 906 $aBOOK 912 $a996390406603316 996 $aThe totall discourse, of the rare adventures, and painefull peregrinations of long nineteene yeares travailes from Scotland, to the most famous kingdomes in Europe, Asia, and Affrica$92373836 997 $aUNISA